Non-Indo-European Languages of Europe - Statistics

General Stats
  • This quiz has been taken 575 times
    569 since last reset
  • The average score is 12 of 23
Answer Stats
Language Family Number Speakers Language % Correct
Turkic 90 million Turkish
96%
Uralic 5 million Finnish
95%
Ugric 13 million Hungarian
95%
Uralic 1 million Estonian
88%
Kartvelian 3.5 million Georgian
88%
Isolate 750,000 Basque
82%
Turkic 24 million Azerbaijani
79%
Semitic 500,000 Maltese
67%
Turkic 4.6 million Tatar
65%
Caucasian 1.3 million Chechen
62%
Uralic 30,000 Sami
61%
Caucasian 37,831 Abkhaz
48%
Mongolic 80,546 Kalmyk
38%
Turkic 1 million Chuvash
32%
Uralic 160,000 Komi-Zyran
31%
Uralic 470,000 Mari
30%
Caucasian 305,868 Ingush
29%
Caucasian c. 800,000 Circassian
27%
Caucasian 800,000 Avar
24%
Turkic 305,364 Karachay-Balkar
18%
Uralic 130,000 Moksha
17%
Uralic 36,726 Erzya
16%
Kartvelian 345,530 Mingrelian
13%
No matching quizzes found
Score Distribution
Percent of People with Each Score
Percentile by Number Answered
Your Score History
You have not taken this quiz since the last reset